000
00292nam a22001337a 4500
008
170208b xxu||||| |||| 00| 0 eng d
020
_a
9780070215306
041
_a
eng
080
_a
61
100
_a
4
101
_a
SHM
245
_a
PRINCIPLES OF INTERNAL MEDICINE
_c
FAUCI
942
_2
udc
_c
BK
999
_c
4916
_d
4916